Thủ tục rút gọn trong tố tụng dân sự : Sách chuyên khảo

Nội dung sách nhằm nhằm giúp bạn đọc tiếp cận một cách có hệ thống các vấn đề lý luận về thủ tục rút gọn trong tố tụng dân sự và thực tiễn mang tính nhất thời để hướng tới hoàn thiện pháp luật và cơ chế rút gọn trong tố tụng d...

Descrizione completa

Salvato in:
Dettagli Bibliografici
Autore principale: Đặng, Thanh Hoa
Natura: Libro
Lingua:Undetermined
Pubblicazione: Hà Nội Hồng Đức 2016
Soggetti:
Tags: Aggiungi Tag
Nessun Tag, puoi essere il primo ad aggiungerne! !
Thư viện lưu trữ: Trung tâm Học liệu Trường Đại học Cần Thơ
LEADER 01072nam a2200241Ia 4500
001 CTU_226941
008 210402s9999 xx 000 0 und d
020 |c 48000 
082 |a 347.59705 
082 |b H401 
100 |a Đặng, Thanh Hoa 
245 0 |a Thủ tục rút gọn trong tố tụng dân sự : 
245 0 |b Sách chuyên khảo 
245 0 |c Đặng Thanh Hoa 
260 |a Hà Nội 
260 |b Hồng Đức 
260 |c 2016 
520 |a Nội dung sách nhằm nhằm giúp bạn đọc tiếp cận một cách có hệ thống các vấn đề lý luận về thủ tục rút gọn trong tố tụng dân sự và thực tiễn mang tính nhất thời để hướng tới hoàn thiện pháp luật và cơ chế rút gọn trong tố tụng dận sự. 
650 |a Tố tụng dân sự,Civil procedure 
650 |z Việt Nam,Vietnam 
904 |i Nhi 
910 |b dqhieu 
980 |a Trung tâm Học liệu Trường Đại học Cần Thơ